| 000 | 00645cam a2200145 4500500 | ||
|---|---|---|---|
| 005 | 20260111085648.0 | ||
| 041 | _afre | ||
| 042 | _adc | ||
| 100 | 1 | 0 |
_aLabey, Gildas _eauthor |
| 245 | 0 | 0 | _aAugusto Del Noce, Lequier et le moment tragique de la philosophie française, Traduit de l’italien par Christophe Carraud. Préface par Jean-Louis Poirier. Dessin de Tanguy Dohollau. Cahiers Jules Lequier, n° 10, 2024, 154 pages, 12 €. |
| 260 | _c2024. | ||
| 500 | _a2 | ||
| 786 | 0 | _nÉtudes | Jui | 6 | 2024-05-24 | p. 119r-130r | 0014-1941 | |
| 856 | 4 | 1 | _uhttps://shs.cairn.info/revue-etudes-2024-6-page-119r?lang=fr&redirect-ssocas=7080 |
| 999 |
_c1618473 _d1618473 |
||